Euro chce rezort financií aj centrálna banka čo najskôr

Stratégia vstupu Slovenska do Európskej menovej únie zverejnená centrálnou bankou a ministerstvom financií k širokej verejnej diskusii. Obe inštitúcie chcú euro prijať čo najskôr. Priaznivci a odporcovia rýchleho prijatia eura. Splnenie maastrichtských kritérií. Rýchlo vstúpiť do únie neznamená okam...

Descripción completa

Guardado en:
Detalles Bibliográficos
Autor principal: Baťo, Rado
Formato: Capítulo de libro
Lenguaje:eslovaco
Materias:
Etiquetas: Agregar Etiqueta
Sin Etiquetas, Sea el primero en etiquetar este registro!

MARC

LEADER 00000naa a2200000 4500
001 r049113
005 20230921115143.6
041 0 |a slo 
044 |a SK 
245 1 0 |a Euro chce rezort financií aj centrálna banka čo najskôr  |c Rado Baťo 
520 |a Stratégia vstupu Slovenska do Európskej menovej únie zverejnená centrálnou bankou a ministerstvom financií k širokej verejnej diskusii. Obe inštitúcie chcú euro prijať čo najskôr. Priaznivci a odporcovia rýchleho prijatia eura. Splnenie maastrichtských kritérií. Rýchlo vstúpiť do únie neznamená okamžite. 
610 2 0 |a euro 
610 2 0 |a Slovensko 
610 2 0 |a Ministerstvo financií SR Bratislava 
610 2 0 |a Európska menová únia 
610 2 0 |a NBS Bratislava 
610 2 0 |a integrácia menová 
100 1 |a Baťo, Rado